Science Quiz

Random Science or Geology Quiz

Most Abundant Elements in Earth's Crust (A-Z) Quiz Stats

 Plays Quiz Updated Oct 13, 2018

Challenge
Share
Tweet
Embed
Score 0/21 Timer 03:00
3 Plays Today
Letter Element % Correct
O???
77.9%
H???
74%
A???
68.5%
U???
64.8%
M???
50.6%
F???
48.7%
I???
47.7%
V???
44.4%
Y???
40.8%
S???
33.6%
P???
28.5%
Letter Element % Correct
E???
23.2%
G???
23.2%
T???
21.7%
D???
20.6%
C???
20.4%
N???
18.6%
R???
18%
Z???
14.3%
B???
12.7%
L???
8.4%

You're not logged in!

Compare scores with friends on all Sporcle quizzes.
OR
Log In

You Might Also Like...

Show Comments

Extras

Top Quizzes Today


Score Distribution

Your Account Isn't Verified!

In order to create a playlist on Sporcle, you need to verify the email address you used during registration. Go to your Sporcle Settings to finish the process.

Report this User

Report this user for behavior that violates our Community Guidelines.

Details: